[Event "FRA ch blitz  2010"]
[Site "Paris"]
[Date "2010.??.??"]
[Round "11"]
[White "Meier, Georg"]
[Black "Fier, Alexander Hilario T"]
[Result "1-0"]
[WhiteElo "2663"]
[BlackElo "2625"]
[PlyCount "71"]
[EventDate "2010.02.??"]
[EventType "tourn (blitz)"]
[EventRounds "13"]
[EventCountry "FRA"]

1. Nf3 Nf6 2. g3 g6 3. Bg2 Bg7 4. O-O O-O 5. d4 c5 6. c4 Nc6 7. Nc3 cxd4 8.
Nxd4 Ng4 9. e3 Nge5 10. b3 d6 11. Bb2 Bg4 12. f3 Bd7 13. Qd2 a6 14. f4 Nxd4 15.
exd4 Nc6 16. d5 Na5 17. Kh1 b5 18. cxb5 axb5 19. Ne2 Bxb2 20. Qxb2 b4 21. Nd4
Nb7 22. Qd2 Qb6 23. Rae1 Nc5 24. f5 Rae8 25. Rxe7 Rxe7 26. f6 Kh8 27. fxe7 Re8
28. Rxf7 Kg8 29. Qf4 Nd3 30. Rf8+ Kg7 31. Qf6+ Kh6 32. Rxe8 Qc5 33. Qf8+ Kg5
34. h4+ Kh5 35. Qf3+ Bg4 36. Qxd3 1-0

[Event "FRA ch blitz  2010"]
[Site "Paris"]
[Date "2010.??.??"]
[Round "11"]
[White "Feller, Sebastien"]
[Black "Shankland, Samuel L"]
[Result "1/2-1/2"]
[WhiteElo "2570"]
[BlackElo "2495"]
[PlyCount "43"]
[EventDate "2010.02.??"]
[EventType "tourn (blitz)"]
[EventRounds "13"]
[EventCountry "FRA"]

1. d4 d5 2. c4 c6 3. Nf3 Nf6 4. Nc3 dxc4 5. a4 Bf5 6. Nh4 Bg4 7. h3 Bh5 8. g4
e5 9. e4 exd4 10. Bxc4 Bb4 11. e5 dxc3 12. exf6 Kf8 13. Qe2 Qxf6 14. O-O Bc5
15. bxc3 g5 16. Kg2 Qe7 17. Qf3 Nd7 18. Bd2 Ne5 19. Rae1 Re8 20. Qg3 Nd3 21.
Bf4 Nxf4+ 22. Qxf4 1/2-1/2

[Event "FRA ch blitz  2010"]
[Site "Paris"]
[Date "2010.??.??"]
[Round "11"]
[White "Song, Julien"]
[Black "Cornette, Matthieu"]
[Result "0-1"]
[WhiteElo "2245"]
[BlackElo "2570"]
[PlyCount "88"]
[EventDate "2010.02.??"]
[EventType "tourn (blitz)"]
[EventRounds "13"]
[EventCountry "FRA"]

1. d4 Nf6 2. c4 g6 3. Nc3 d5 4. Bg5 Bg7 5. e3 c5 6. dxc5 Qa5 7. Bxf6 Bxf6 8.
Rc1 dxc4 9. Bxc4 O-O 10. Nge2 Qxc5 11. Qb3 Nc6 12. Ne4 Qa5+ 13. N2c3 Bg7 14.
O-O Ne5 15. Nd5 Nxc4 16. Nxe7+ Kh8 17. Qxc4 Be6 18. Qc7 Qxc7 19. Rxc7 Rfe8 20.
Nd6 Bf6 21. Nxe8 Rxe8 22. Rxb7 Rxe7 23. Rxe7 Bxe7 24. Rc1 Bd8 25. Rc6 Kg7 26.
a4 Bb6 27. Rd6 Bb3 28. a5 Bxa5 29. Ra6 Bb6 30. Ra3 Bd5 31. f3 f5 32. f4 Kf6 33.
Kf2 Ke6 34. g3 Be4 35. Rc3 Kd6 36. Rc8 Ke6 37. Rh8 h5 38. Rg8 Kf7 39. Rc8 Bb7
40. Rh8 Bd5 41. Rc8 Kf6 42. Rb8 Ke7 43. Rh8 Bf7 44. Rh7 Kf8 0-1

[Event "FRA ch blitz  2010"]
[Site "Paris"]
[Date "2010.??.??"]
[Round "11"]
[White "Pozdnjakov, Viatcheslav"]
[Black "Zherebukh, Yaroslav"]
[Result "0-1"]
[WhiteElo "2220"]
[BlackElo "2527"]
[PlyCount "40"]
[EventDate "2010.02.??"]
[EventType "tourn (blitz)"]
[EventRounds "13"]
[EventCountry "FRA"]

1. d4 Nf6 2. Nf3 d5 3. e3 c6 4. c4 e6 5. b3 Nbd7 6. Bd3 Bd6 7. Bb2 b6 8. O-O
Bb7 9. Nbd2 Qe7 10. Ne5 c5 11. f4 cxd4 12. exd4 dxc4 13. bxc4 Ba3 14. Bxa3 Qxa3
15. Qb3 Qd6 16. Ndf3 Bxf3 17. Nxf3 Qxf4 18. d5 O-O 19. dxe6 Nc5 20. exf7+ Rxf7
0-1

[Event "FRA ch blitz  2010"]
[Site "Paris"]
[Date "2010.??.??"]
[Round "11"]
[White "Fedorchuk, Sergey A"]
[Black "Cori Tello, Jorge"]
[Result "1-0"]
[WhiteElo "2645"]
[BlackElo "2465"]
[PlyCount "83"]
[EventDate "2010.02.??"]
[EventType "tourn (blitz)"]
[EventRounds "13"]
[EventCountry "FRA"]

1. e4 e5 2. Nf3 Nc6 3. Bb5 Nf6 4. d3 d6 5. O-O Be7 6. Re1 O-O 7. Bxc6 bxc6 8.
d4 exd4 9. Nxd4 c5 10. Nc6 Qe8 11. Nxe7+ Qxe7 12. Nc3 Bb7 13. Bg5 h6 14. Bh4
Qe6 15. Qf3 g5 16. Bg3 Rfe8 17. Qd3 Nh5 18. Re3 Nxg3 19. hxg3 Re7 20. Rae1 Qg6
21. Qb5 c6 22. Qc4 Rae8 23. e5 dxe5 24. Ne4 Bc8 25. Nxc5 Be6 26. Qa4 Bf5 27.
R3e2 h5 28. Qc4 Kh7 29. a4 Be6 30. Qc3 f6 31. Rd2 Bd5 32. Qb4 Qf7 33. b3 Qf8
34. c4 Bf7 35. Qc3 Kg7 36. Ne4 Rd8 37. Nd6 Bg6 38. Red1 Rb8 39. b4 c5 40. b5
Rc7 41. a5 h4 42. Nf5+ 1-0

[Event "FRA ch blitz  2010"]
[Site "Paris"]
[Date "2010.??.??"]
[Round "12"]
[White "Cori Tello, Jorge"]
[Black "Fier, Alexander Hilario T"]
[Result "0-1"]
[WhiteElo "2462"]
[BlackElo "2625"]
[PlyCount "79"]
[EventDate "2010.02.??"]
[EventType "tourn (blitz)"]
[EventRounds "13"]
[EventCountry "FRA"]

1. e4 c5 2. Nf3 e6 3. d4 cxd4 4. Nxd4 Nf6 5. Nc3 d6 6. Be2 Be7 7. Be3 O-O 8.
O-O Nc6 9. f4 Bd7 10. Kh1 Nxd4 11. Bxd4 Bc6 12. Bd3 b5 13. e5 dxe5 14. fxe5 Nd5
15. Ne4 Nb4 16. Nf6+ Bxf6 17. exf6 Nxd3 18. Qxd3 Qd5 19. Qg3 g6 20. c3 Rfe8 21.
Rae1 e5 22. Rxe5 Rxe5 23. Bxe5 Re8 24. Re1 Qd2 25. Rg1 Qe2 26. Bd4 h5 27. h3
Kh7 28. Qf4 Qc4 29. Kh2 Qd3 30. Qg3 Re2 31. Bxa7 Qe4 32. Qg5 h4 33. Bd4 Bd5 34.
Bc5 Be6 35. Bd4 Rc2 36. Bb6 Qc6 37. Bd4 Qd6+ 38. Be5 Qd3 39. Qxh4+ Kg8 40. Qh6
0-1

[Event "FRA ch blitz  2010"]
[Site "Paris"]
[Date "2010.??.??"]
[Round "12"]
[White "Braeuning, Rudolf Wilhelm"]
[Black "Jablonski, Noham"]
[Result "0-1"]
[WhiteElo "2348"]
[BlackElo "2315"]
[PlyCount "88"]
[EventDate "2010.02.??"]
[EventType "tourn (blitz)"]
[EventRounds "13"]
[EventCountry "FRA"]

1. e4 c5 2. d4 cxd4 3. c3 d3 4. Bxd3 d6 5. c4 Nf6 6. Nc3 e6 7. Nf3 Be7 8. O-O
O-O 9. a3 a6 10. b4 b6 11. Bb2 Bb7 12. Qb3 Nbd7 13. Rfd1 Rc8 14. Rac1 Qc7 15.
h3 Qb8 16. Qc2 Rfd8 17. Qe2 Ne5 18. Nxe5 dxe5 19. Na4 Bc6 20. b5 axb5 21. cxb5
Ba8 22. Qe3 Rxc1 23. Rxc1 h6 24. Qxb6 Qxb6 25. Nxb6 Bxe4 26. Bxe4 Nxe4 27. Rc8
Rxc8 28. Nxc8 Bc5 29. Kf1 Nd2+ 30. Ke2 Nc4 31. Bc1 e4 32. a4 Kf8 33. b6 Nxb6
34. Nxb6 Bxb6 35. Be3 Bc7 36. Bc5+ Ke8 37. Ke3 f5 38. Kd4 Kd7 39. Kc4 Kc6 40.
Bf8 Be5 41. a5 f4 42. Bc5 g5 43. Bd4 Kb7 44. Bc5 h5 0-1

[Event "FRA ch blitz  2010"]
[Site "Paris"]
[Date "2010.??.??"]
[Round "12"]
[White "Pile, Richard"]
[Black "Shchekachev, Andrei"]
[Result "0-1"]
[WhiteElo "2320"]
[BlackElo "2545"]
[PlyCount "119"]
[EventDate "2010.02.??"]
[EventType "tourn (blitz)"]
[EventRounds "13"]
[EventCountry "FRA"]

1. c4 g6 2. g3 c5 3. Bg2 Bg7 4. Nc3 Nc6 5. a3 d6 6. d3 e6 7. Nf3 Nge7 8. O-O
O-O 9. Bf4 h6 10. Rb1 Rb8 11. Qc1 Kh7 12. b4 e5 13. Bd2 Be6 14. Ne1 Qd7 15. Nc2
Nd4 16. bxc5 dxc5 17. Ne3 f5 18. Qd1 b6 19. Ned5 Ng8 20. e3 Nc6 21. a4 Nge7 22.
Re1 Nc8 23. Qc2 a5 24. Nb5 Nb4 25. Bxb4 axb4 26. Qb3 Ne7 27. Nbc7 Bg8 28. Nxe7
Qxe7 29. Nd5 Qa7 30. Re2 Rfe8 31. Ra2 e4 32. dxe4 fxe4 33. Rd1 Rbd8 34. Qb1
Bxd5 35. cxd5 Qe7 36. Rc2 Bc3 37. Qb3 Qe5 38. Qc4 Ra8 39. Qb5 Qd6 40. Qc4 Rxa4
41. Bxe4 Ra5 42. Bg2 b5 43. Qh4 Bf6 44. Qg4 b3 45. Rcc1 c4 46. Be4 Rxe4 47.
Qxe4 c3 48. Qe8 c2 49. Qf7+ Bg7 50. Rf1 b4 51. Qb7 Ra2 52. Qb5 Ra7 53. Qc4 Ra3
54. Qb5 h5 55. h4 Bb2 56. Rce1 Bc3 57. Rc1 Bd2 58. Qb7+ Kh6 59. e4 Bxc1 60. Qf7
0-1

[Event "FRA ch blitz  2010"]
[Site "Paris"]
[Date "2010.??.??"]
[Round "12"]
[White "Zherebukh, Yaroslav"]
[Black "Feller, Sebastien"]
[Result "0-1"]
[WhiteElo "2527"]
[BlackElo "2570"]
[PlyCount "73"]
[EventDate "2010.02.??"]
[EventType "tourn (blitz)"]
[EventRounds "13"]
[EventCountry "FRA"]

1. d4 Nf6 2. c4 e6 3. Nc3 Bb4 4. e3 O-O 5. Bd3 d5 6. Nf3 c5 7. O-O dxc4 8. Bxc4
Bd7 9. a3 Bxc3 10. bxc3 Bc6 11. Ne5 Bd5 12. Be2 cxd4 13. cxd4 Nbd7 14. Nd3 Rc8
15. a4 Ne4 16. Bb2 Nb6 17. f3 Nc3 18. Bxc3 Rxc3 19. Qd2 Rc7 20. Nc5 Nd7 21.
Nxd7 Qxd7 22. a5 Rfc8 23. Rfc1 Bc4 24. Bd1 e5 25. Ba4 Qd6 26. Rd1 exd4 27. Qxd4
Qxd4 28. Rxd4 Be6 29. Rad1 g6 30. Bd7 Bxd7 31. Rxd7 Kf8 32. Kf2 Ke8 33. Rxc7
Rxc7 34. Rd5 b6 35. e4 Rc2+ 36. Kg3 Rc5 37. Kf4 0-1

[Event "FRA ch blitz  2010"]
[Site "Paris"]
[Date "2010.??.??"]
[Round "12"]
[White "Cornette, Matthieu"]
[Black "Fedorchuk, Sergey A"]
[Result "1-0"]
[WhiteElo "2577"]
[BlackElo "2645"]
[PlyCount "51"]
[EventDate "2010.02.??"]
[EventType "tourn (blitz)"]
[EventRounds "13"]
[EventCountry "FRA"]

1. e4 e5 2. Nf3 Nc6 3. Nc3 Nf6 4. Bb5 Bb4 5. O-O O-O 6. d3 d6 7. Bg5 Bxc3 8.
bxc3 Qe7 9. Re1 Nd8 10. d4 Ne6 11. Bc1 c5 12. Bf1 Nd7 13. g3 cxd4 14. cxd4 exd4
15. Ba3 Nec5 16. Qxd4 b6 17. Bg2 Ne5 18. Nh4 Qf6 19. Bb2 Ne6 20. Qxd6 Nf3+ 21.
Bxf3 Qxb2 22. e5 Rd8 23. Qe7 Rb8 24. Rad1 Rf8 25. Nf5 Nf4 26. Qxf8+ 1-0

[Event "FRA ch blitz  2010"]
[Site "Paris"]
[Date "2010.??.??"]
[Round "12"]
[White "Shankland, Samuel L"]
[Black "Meier, Georg"]
[Result "1/2-1/2"]
[WhiteElo "2486"]
[BlackElo "2663"]
[PlyCount "28"]
[EventDate "2010.02.??"]
[EventType "tourn (blitz)"]
[EventRounds "13"]
[EventCountry "FRA"]

1. d4 e6 2. e4 d5 3. Nd2 dxe4 4. Nxe4 Nd7 5. Nf3 Ngf6 6. Nxf6+ Nxf6 7. c3 c5 8.
Ne5 a6 9. Qa4+ Nd7 10. Be3 Qc7 11. O-O-O cxd4 12. Nxd7 Bxd7 13. Qxd4 Bc6 14. f3
Rd8 1/2-1/2

[Event "FRA ch blitz  2010"]
[Site "Paris"]
[Date "2010.??.??"]
[Round "13"]
[White "Meier, Georg"]
[Black "Cornette, Matthieu"]
[Result "1/2-1/2"]
[WhiteElo "2663"]
[BlackElo "2570"]
[PlyCount "85"]
[EventDate "2010.02.??"]
[EventType "tourn (blitz)"]
[EventRounds "13"]
[EventCountry "FRA"]

1. Nf3 Nf6 2. g3 g6 3. Bg2 Bg7 4. O-O O-O 5. d4 d6 6. b3 a5 7. a4 Ne4 8. Bb2 d5
9. Nbd2 Nc6 10. Nxe4 dxe4 11. Ne5 Nxe5 12. dxe5 Bf5 13. e3 Qc8 14. Qd4 Rd8 15.
Qc4 Qe6 16. Qxe6 fxe6 17. h3 g5 18. g4 Bg6 19. Rfd1 c6 20. Kf1 Rd5 21. c4 Rdd8
22. Bc3 b6 23. Ke2 c5 24. Ke1 Kf7 25. Ra2 Rxd1+ 26. Kxd1 Rh8 27. Rd2 Ke8 28.
Ke1 h5 29. gxh5 Rxh5 30. Kf1 Bf5 31. Kg1 Rh4 32. Bb2 Bxh3 33. Bxh3 Rxh3 34. Kg2
Rf3 35. Rd1 Rf5 36. Rh1 Bxe5 37. Bxe5 Rxe5 38. Rh8+ Kd7 39. Rb8 Kc7 40. Re8 Rf5
41. Rxe7+ Kd6 42. Rb7 Kc6 43. Re7 1/2-1/2

[Event "FRA ch blitz  2010"]
[Site "Paris"]
[Date "2010.??.??"]
[Round "13"]
[White "Demuth, Adrien"]
[Black "Zherebukh, Yaroslav"]
[Result "0-1"]
[WhiteElo "2387"]
[BlackElo "2527"]
[PlyCount "35"]
[EventDate "2010.02.??"]
[EventType "tourn (blitz)"]
[EventRounds "13"]
[EventCountry "FRA"]

1. d4 Nf6 2. c4 c6 3. Nc3 d5 4. Nf3 e6 5. Bg5 Nbd7 6. e3 Bd6 7. Bd3 Nf8 8. Ne5
Qb6 9. Bh4 N8d7 10. Qd2 Nf8 11. Nf3 Ng6 12. O-O Be7 13. Bg3 O-O 14. Ne5 Nxe5
15. f4 Nxc4 16. Bc2 Kh8 17. Kh1 a5 18. Rab1 0-1

[Event "FRA ch blitz  2010"]
[Site "Paris"]
[Date "2010.??.??"]
[Round "13"]
[White "Fedorchuk, Sergey A"]
[Black "Shankland, Samuel L"]
[Result "0-1"]
[WhiteElo "2645"]
[BlackElo "2495"]
[PlyCount "51"]
[EventDate "2010.02.??"]
[EventType "tourn (blitz)"]
[EventRounds "13"]
[EventCountry "FRA"]

1. e4 c5 2. Nf3 d6 3. d4 cxd4 4. Nxd4 Nf6 5. Nc3 a6 6. Be3 e6 7. a4 Nc6 8. Be2
Be7 9. O-O O-O 10. Kh1 Qc7 11. f4 Rd8 12. Qe1 Nxd4 13. Bxd4 e5 14. Be3 exf4 15.
Rxf4 Be6 16. Qf2 Re8 17. Rf1 Rf8 18. Bb6 Qc6 19. Bd4 Nd7 20. Nd5 Bxd5 21. c4
Ne5 22. c5 Ng6 23. b4 Rac8 24. Bd3 a5 25. Qg3 h6 26. Qh3 0-1

[Event "FRA ch blitz  2010"]
[Site "Paris"]
[Date "2010.??.??"]
[Round "13"]
[White "Feller, Sebastien"]
[Black "Jablonski, Noham"]
[Result "1-0"]
[WhiteElo "2570"]
[BlackElo "2315"]
[PlyCount "58"]
[EventDate "2010.02.??"]
[EventType "tourn (blitz)"]
[EventRounds "13"]
[EventCountry "FRA"]

1. d4 d5 2. Nf3 Nf6 3. c4 e6 4. g3 Be7 5. Bg2 O-O 6. O-O dxc4 7. Qc2 a6 8. Qxc4
b5 9. Qc2 Bb7 10. Bd2 Be4 11. Qc1 Nbd7 12. Ba5 Ra7 13. Nbd2 Bd5 14. a3 Qa8 15.
Bb4 Bd6 16. Qc2 a5 17. Bc5 Ra6 18. Rac1 Ne4 19. Nxe4 Bxe4 20. Qd2 Qd5 21. Qe3
f5 22. Bxd6 cxd6 23. Nh4 e5 24. dxe5 dxe5 25. Rfd1 Qe6 26. Qd3 Ra7 27. Qd5 Qxd5
28. Rxd5 Rb7 29. Rd6 Nf6 1-0

[Event "FRA ch blitz  2010"]
[Site "Paris"]
[Date "2010.??.??"]
[Round "13"]
[White "Shchekachev, Andrei"]
[Black "Cori Tello, Jorge"]
[Result "1/2-1/2"]
[WhiteElo "2520"]
[BlackElo "2465"]
[PlyCount "100"]
[EventDate "2010.02.??"]
[EventType "tourn (blitz)"]
[EventRounds "13"]
[EventCountry "FRA"]

1. Nf3 Nf6 2. c4 c6 3. d4 d5 4. Nc3 e6 5. Bg5 Nbd7 6. e3 Be7 7. Rc1 h6 8. Bh4
O-O 9. Bd3 a6 10. a4 dxc4 11. Bxc4 c5 12. O-O cxd4 13. exd4 Nb6 14. Bb3 Nbd5
15. Re1 b6 16. Nxd5 exd5 17. Ne5 Bb7 18. Nc6 Bxc6 19. Rxc6 Re8 20. Bxf6 Bxf6
21. Rxe8+ Qxe8 22. Rxb6 Bxd4 23. Rd6 Bxb2 24. g3 Rd8 25. Rxd8 Qxd8 26. Qxd5 Qf6
27. Qa8+ Kh7 28. Qe4+ g6 29. Kg2 Kg7 30. Qf3 Qe7 31. h4 h5 32. Qd5 Bc3 33. Qf3
Bd4 34. Qd5 Qa7 35. Qf3 a5 36. Bc4 Qc7 37. Bb3 Qe7 38. Qd5 Qf6 39. Qf3 Qe7 40.
Qd5 Bb6 41. Qf3 Qa7 42. Qc3+ Bd4 43. Qf3 Kf8 44. Qf4 Bc5 45. Qf3 Kg7 46. Bc4
Bd4 47. Bb3 Qe7 48. Bd5 Qd7 49. Bb3 Qe7 50. Bc4 Qd8 1/2-1/2

[Event "Match de la Francophonie"]
[Site "Cannes"]
[Date "2010.??.??"]
[Round "?"]
[White "Saint Amand, Paul"]
[Black "Lamard, Guillaume"]
[Result "1-0"]
[WhiteElo "2131"]
[BlackElo "2126"]
[PlyCount "97"]
[EventDate "2010.02.??"]
[EventType "team-match"]
[EventCountry "FRA"]

1. e4 e5 2. Nf3 Nc6 3. Bb5 a6 4. Ba4 Nf6 5. O-O Be7 6. Re1 b5 7. Bb3 d6 8. c3
Na5 9. Bc2 c5 10. d4 Qc7 11. Nbd2 O-O 12. Nf1 Be6 13. Ng3 Rfc8 14. d5 Bd7 15.
b3 c4 16. b4 Nb7 17. a4 a5 18. axb5 axb4 19. Rxa8 Rxa8 20. cxb4 Bxb5 21. Nf5
Bf8 22. h3 g6 23. Nh6+ Bxh6 24. Bxh6 Ne8 25. Qb1 Nd8 26. Be3 f6 27. Rc1 Qb7 28.
Qb2 Nf7 29. Ra1 Nc7 30. Ra5 Ra6 31. Qa3 Kg7 32. Nd2 f5 33. f3 f4 34. Bf2 Ng5
35. Nb1 Qa8 36. Nc3 Rxa5 37. bxa5 Qa6 38. Bb6 Ne8 39. Qb4 Bd7 40. Bd1 Qc8 41.
h4 Nf7 42. Be2 g5 43. hxg5 Nxg5 44. Qxc4 Qb8 45. Nb5 h5 46. Nc7 Nf6 47. Ne6+
Bxe6 48. dxe6 h4 49. Qc7+ 1-0

[Event "Match de la Francophonie"]
[Site "Cannes"]
[Date "2010.??.??"]
[Round "?"]
[White "Van Hoolandt, Patrick"]
[Black "Congiu, Mathilde"]
[Result "0-1"]
[WhiteElo "2211"]
[BlackElo "2149"]
[PlyCount "155"]
[EventDate "2010.02.??"]
[EventType "team-match"]
[EventCountry "FRA"]

1. d4 d5 2. c4 c6 3. cxd5 cxd5 4. Nf3 Nf6 5. Nc3 Nc6 6. Bf4 Ne4 7. e3 Nxc3 8.
bxc3 g6 9. Ne5 Qa5 10. Qb3 a6 11. Bd3 Bg7 12. Nxc6 bxc6 13. O-O O-O 14. Qb4 Qd8
15. Rfb1 f6 16. Qc5 Qe8 17. Rb6 e5 18. Bg3 Bd7 19. Rab1 a5 20. c4 exd4 21. exd4
dxc4 22. Bxc4+ Kh8 23. Bd6 Qe4 24. Bxf8 Bxf8 25. Rb8 Qxb1+ 26. Rxb1 Bxc5 27.
dxc5 Re8 28. f3 Bf5 29. Rb6 Re1+ 30. Kf2 Rc1 31. Rb8+ Kg7 32. Rb7+ Kh6 33. Bg8
g5 34. g4 Bg6 35. Kg3 Rxc5 36. h4 gxh4+ 37. Kxh4 Rc1 38. f4 Rh1+ 39. Kg3 Rg1+
40. Kh4 Rh1+ 41. Kg3 Rg1+ 42. Kh4 Be4 43. f5 Bxf5 44. gxf5 Rxg8 45. Rc7 Rg5 46.
Rxc6 Rxf5 47. Kg4 Kg6 48. Rc8 h5+ 49. Kg3 Rd5 50. Kf4 Rd4+ 51. Ke3 Ra4 52. Rg8+
Kf5 53. Rg2 Ke5 54. Rb2 Ra3+ 55. Kf2 Kf4 56. Kg2 h4 57. Rf2+ Kg5 58. Kh2 f5 59.
Rg2+ Kf4 60. Rf2+ Rf3 61. Rb2 Kg4 62. Rg2+ Rg3 63. Rc2 f4 64. Rc5 a4 65. Rc4 a3
66. Rc8 h3 67. Kh1 Re3 68. Rg8+ Kf3 69. Kh2 Re2+ 70. Kxh3 Rxa2 71. Ra8 Ra1 72.
Kh2 Kf2 73. Ra4 f3 74. Ra8 Kf1 75. Kg3 f2 76. Rf8 Ra2 77. Rf3 Kg1 78. Re3 0-1

[Event "Match de la Francophonie"]
[Site "Cannes"]
[Date "2010.??.??"]
[Round "?"]
[White "Zoubeir, Amdouni"]
[Black "Giroyan, Gary"]
[Result "0-1"]
[WhiteElo "2243"]
[BlackElo "2176"]
[PlyCount "90"]
[EventDate "2010.02.??"]
[EventType "team-match"]
[EventCountry "FRA"]

1. e4 c5 2. Nf3 d6 3. d4 cxd4 4. Nxd4 Nf6 5. Nc3 a6 6. Bc4 e6 7. Bb3 Nbd7 8.
Bg5 Nc5 9. Qf3 Be7 10. O-O-O Qc7 11. Rhe1 O-O 12. Qg3 b5 13. Bd5 Nxd5 14. exd5
Bxg5+ 15. Qxg5 e5 16. Nf5 f6 17. Qh5 g6 18. Nh6+ Kg7 19. Qh4 f5 20. f4 Qd8 21.
Qh3 Qf6 22. fxe5 Qg5+ 23. Kb1 Qxh6 24. Qxh6+ Kxh6 25. e6 Bb7 26. b4 Ne4 27.
Nxe4 fxe4 28. Rxe4 Rf5 29. Red4 Re5 30. a4 Rf8 31. axb5 axb5 32. g4 Rc8 33.
R4d3 Rc4 34. Rh3+ Kg5 35. Rxh7 Rxb4+ 36. Kc1 Bxd5 37. e7 Ba2 38. Rxd6 Re2 39.
Kd1 Rbe4 40. h4+ Kxg4 41. Rxg6+ Kf5 42. Rgg7 b4 43. Rg3 Bc4 44. Rhg7 Re1+ 45.
Kd2 R4e2# 0-1

[Event "Match de la Francophonie"]
[Site "Cannes"]
[Date "2010.??.??"]
[Round "?"]
[White "Muller, Anne"]
[Black "Saint Amand, Paul"]
[Result "1/2-1/2"]
[WhiteElo "2196"]
[BlackElo "2131"]
[PlyCount "75"]
[EventDate "2010.02.??"]
[EventType "team-match"]
[EventCountry "FRA"]

1. e4 c5 2. Nf3 d6 3. d4 cxd4 4. Nxd4 Nf6 5. Nc3 a6 6. Be2 e5 7. Nb3 Be6 8. Be3
Be7 9. O-O O-O 10. f3 Nbd7 11. a4 Rc8 12. a5 Qc7 13. Rf2 Qc6 14. Bf1 d5 15.
exd5 Nxd5 16. Nxd5 Bxd5 17. Rd2 Be6 18. Bd3 f5 19. f4 Bf6 20. c3 exf4 21. Bxf4
Nc5 22. Nxc5 Qxc5+ 23. Kh1 Rcd8 24. Qa4 Kh8 25. Rad1 Rfe8 26. Re2 Bf7 27. Rxe8+
Bxe8 28. Qb3 Bc6 29. Qb6 Qe7 30. Kg1 Qe6 31. Qf2 Qd5 32. Qe2 Qxa5 33. Bc2 Re8
34. Qf2 Qb5 35. Bd3 Qd5 36. Bc2 Qb5 37. Bd3 Qd5 38. Bc2 1/2-1/2

[Event "Match de la Francophonie"]
[Site "Cannes"]
[Date "2010.??.??"]
[Round "?"]
[White "Congiu, Mathilde"]
[Black "Zoubeir, Amdouni"]
[Result "1-0"]
[WhiteElo "2149"]
[BlackElo "2243"]
[PlyCount "75"]
[EventDate "2010.02.??"]
[EventType "team-match"]
[EventCountry "FRA"]

1. e4 c5 2. c3 Nf6 3. e5 Nd5 4. Nf3 e6 5. d4 cxd4 6. cxd4 Nc6 7. Bc4 d6 8. O-O
Be7 9. Qe2 O-O 10. Nc3 Nb6 11. Bb3 Bd7 12. Ne4 dxe5 13. dxe5 Nb4 14. a3 N4d5
15. Bg5 h6 16. Bd2 a5 17. Bc2 Bc6 18. Qd3 Nd7 19. Neg5 N5f6 20. exf6 Nxf6 21.
Qe2 hxg5 22. Bxg5 Rc8 23. Rad1 Qc7 24. Bb1 Rfd8 25. Ne5 Rd5 26. Rxd5 Bxd5 27.
Re1 Qb6 28. Bxf6 Bxf6 29. Qh5 Bxe5 30. Qh7+ Kf8 31. Qh8+ Ke7 32. Qxc8 Bxh2+ 33.
Kxh2 Qxf2 34. Qc7+ Ke8 35. Qg3 Qxb2 36. Be4 Ba2 37. Qb8+ Ke7 38. Qxb7+ 1-0

[Event "Match de la Francophonie"]
[Site "Cannes"]
[Date "2010.02.??"]
[Round "?"]
[White "Lamard, Guillaume"]
[Black "Van Hoolandt, Patrick"]
[Result "1-0"]
[WhiteElo "2126"]
[BlackElo "2211"]
[PlyCount "147"]
[EventDate "2010.02.??"]
[EventType "team-match"]
[EventCountry "FRA"]

1. Nf3 d5 2. d4 Nf6 3. c4 e6 4. g3 dxc4 5. Bg2 a6 6. O-O Nc6 7. Nc3 Rb8 8. e4
Be7 9. Qe2 b5 10. Rd1 O-O 11. e5 Nd5 12. Ne4 Ncb4 13. Neg5 h6 14. Ne4 Nd3 15.
Ne1 Nxc1 16. Raxc1 Bb7 17. b3 Ba3 18. Rb1 c3 19. Qc2 Bb4 20. Nd3 Ba5 21. b4 Bb6
22. Ndc5 Bxc5 23. dxc5 Qe8 24. Nxc3 Nxc3 25. Qxc3 Bxg2 26. Kxg2 Qc6+ 27. Qf3
Qxf3+ 28. Kxf3 Rfd8 29. Ke4 Kf8 30. f4 Ke7 31. g4 g6 32. h4 Ra8 33. Rxd8 Rxd8
34. Rb3 Rd2 35. Ra3 Rb2 36. Rxa6 Rxb4+ 37. Ke3 Rc4 38. c6 h5 39. gxh5 gxh5 40.
Ra5 Rxc6 41. Rxb5 Ra6 42. Rc5 Kd7 43. Rc2 Ra3+ 44. Ke4 Rh3 45. Rd2+ Kc6 46. Rg2
Rxh4 47. Rg7 Rh2 48. Rxf7 Rxa2 49. Re7 Ra4+ 50. Kf3 Kd5 51. Rxc7 Ra3+ 52. Kg2
Ke4 53. Rc4+ Kf5 54. Kh2 Kg4 55. Rc6 Ra2+ 56. Kg1 Kf5 57. Rc4 h4 58. Kh1 h3 59.
Kg1 Kg4 60. Rc6 Kg3 61. Rc3+ Kg4 62. Rc6 Kf5 63. Rb6 Rg2+ 64. Kh1 Rf2 65. Rb3
Kg4 66. Rb6 Kg3 67. Rb3+ Rf3 68. Rxf3+ Kxf3 69. f5 exf5 70. e6 Kg3 71. e7 f4
72. e8=Q f3 73. Qe3 Kg4 74. Kh2 1-0

[Event "Match de la Francophonie"]
[Site "Cannes"]
[Date "2010.??.??"]
[Round "?"]
[White "Van Hoolandt, Patrick"]
[Black "Muller, Anne"]
[Result "1/2-1/2"]
[WhiteElo "2211"]
[BlackElo "2196"]
[PlyCount "75"]
[EventDate "2010.02.??"]
[EventType "team-match"]
[EventCountry "FRA"]

1. d4 Nf6 2. c4 e6 3. Nf3 Bb4+ 4. Bd2 Qe7 5. g3 Nc6 6. Nc3 Bxc3 7. Bxc3 Ne4 8.
Rc1 O-O 9. Bg2 d6 10. d5 Nxc3 11. Rxc3 Nb8 12. O-O e5 13. Nd2 a5 14. c5 Na6 15.
cxd6 cxd6 16. a3 Bf5 17. e4 Bd7 18. Nc4 Bb5 19. Re1 Rac8 20. Qc2 a4 21. Ne3 Bd7
22. Rc1 Rxc3 23. Qxc3 Nc5 24. Qd2 Nb3 25. Qd1 Nxc1 26. Qxc1 Rc8 27. Qd2 Qd8 28.
h4 Qc7 29. Qb4 b5 30. Bf1 Qc5 31. Qa5 g6 32. h5 Kg7 33. Qa6 Rc7 34. Be2 f5 35.
exf5 gxf5 36. Qa8 Rc8 37. Qb7 Qc7 38. Qa6 1/2-1/2

[Event "Match de la Francophonie"]
[Site "Cannes"]
[Date "2010.??.??"]
[Round "?"]
[White "Zoubeir, Amdouni"]
[Black "Lamard, Guillaume"]
[Result "1-0"]
[WhiteElo "2243"]
[BlackElo "2126"]
[PlyCount "75"]
[EventDate "2010.02.??"]
[EventType "team-match"]
[EventCountry "FRA"]

1. e4 e6 2. d4 d5 3. Nc3 Bb4 4. e5 c5 5. a3 Bxc3+ 6. bxc3 Qc7 7. Qg4 f5 8. Qg3
Nc6 9. Nf3 cxd4 10. cxd4 Nge7 11. Bd3 Nxd4 12. Nxd4 Qc3+ 13. Ke2 Qxd4 14. Be3
Qg4+ 15. Qxg4 fxg4 16. h3 g3 17. fxg3 O-O 18. Bc5 Rf7 19. g4 Nc6 20. Bd6 Bd7
21. a4 Rc8 22. Rhf1 Rxf1 23. Rxf1 Na5 24. g5 Nc4 25. Bxc4 dxc4 26. a5 Bc6 27.
Rf2 b6 28. axb6 axb6 29. Ke3 b5 30. h4 Bd5 31. h5 g6 32. h6 Re8 33. Kd4 Rc8 34.
Kc3 Be4 35. Kb4 Bf5 36. Kxb5 c3 37. Kb4 Rc6 38. g4 1-0

[Event "Match de la Francophonie"]
[Site "Cannes"]
[Date "2010.??.??"]
[Round "?"]
[White "Saint Amand, Paul"]
[Black "Giroyan, Gary"]
[Result "0-1"]
[WhiteElo "2131"]
[BlackElo "2176"]
[PlyCount "50"]
[EventDate "2010.02.??"]
[EventType "team-match"]
[EventCountry "FRA"]

1. e4 e6 2. d4 d5 3. e5 c5 4. c3 Nc6 5. Nf3 Qb6 6. a3 Nge7 7. b4 cxd4 8. cxd4
Bd7 9. Be3 Nf5 10. Bd3 g6 11. O-O Bg7 12. Nc3 Nce7 13. Qe2 O-O 14. g4 Nxe3 15.
fxe3 f6 16. exf6 Bxf6 17. h3 a6 18. Kg2 Qd6 19. Rab1 Rae8 20. a4 e5 21. dxe5
Bxe5 22. Nxe5 Qxe5 23. Qd2 d4 24. exd4 Bc6+ 25. Kg1 Qg3+ 0-1